000 00940nam a22002897i 4500
003 EG-GICUC
005 20260427085719.0
008 260427s1951 fr ||||fr|||| 00| 0 fre d
040 _aEG-GiCUC
_bfre
_cEG-GiCUC
_dEG-GiCUC
_eRda
041 _afre
_hfre
082 0 4 _221
_a341.28
_bLU . S
092 0 4 _221
099 _aLaw 11 341.28 LU . S 1951
100 1 _aLuchaire, François
_eAuteur
245 1 0 _aSupplément au Manuel de droit d'outre-mer /
_cPar François Luchaire.
264 1 _aParis;
_bRecueil Sirey,
_c1951.
300 _a109 page :
_billustration ;
_c 24 cm.
336 _2rda contenu
_a texte
337 _2rda medias
_aOrdinateur
338 _2 transporteur rda
_a Ressource en ligne
504 _aBibliography: pages 200-250. 240-220
650 1 _aDroit international public
_2qrmak
651 1 _2qrmak
856 4 0 _uhttps://fll.law.cu.edu.eg/fulltext/bks/B11-08340.pdf
905 _a31
942 _2ddc
_cBK
_e21
_n0
999 _c73553
_d73553